IPD Monthly Index for August (Record no. 73567)

MARC details
000 -LEADER
fixed length control field 01066cam a2200241 4500
001 - CONTROL NUMBER
control field WB3938-02
008 - FIXED-LENGTH DATA ELEMENTS--GENERAL INFORMATION
fixed length control field 031008n2003 000 0 eng u
035 ## - SYSTEM CONTROL NUMBER
System control number (Sirsi) u123865
245 ## - TITLE STATEMENT
Title IPD Monthly Index for August
260 ## - PUBLICATION, DISTRIBUTION, ETC.
Date of publication, distribution, etc. 2003
490 ## - SERIES STATEMENT
Series statement IPD Press Release
Volume/sequential designation August 2003,(2)
520 ## - SUMMARY, ETC.
Summary, etc. The IPD Monthly Index is based on property, unit trusts, pooled pension schemes and unit-linked insurance. It's end of August report, indicates that total returns for property remaining stable at 0.8. Capital values rose by 0.2%, whilst yields have continued to fall. Rental values have also fallen but property has had the highest total return over the year to date
590 ## - LOCAL NOTE (RLIN)
Local note WB
650 ## - SUBJECT ADDED ENTRY--TOPICAL TERM
Topical term or geographic name entry element IPD MONTHLY INDEX
650 ## - SUBJECT ADDED ENTRY--TOPICAL TERM
Topical term or geographic name entry element PROPERTY-COMMERCIAL PROPERTY
650 ## - SUBJECT ADDED ENTRY--TOPICAL TERM
Topical term or geographic name entry element Investments
9 (RLIN) 6250
650 ## - SUBJECT ADDED ENTRY--TOPICAL TERM
Topical term or geographic name entry element RETAIL
650 ## - SUBJECT ADDED ENTRY--TOPICAL TERM
Topical term or geographic name entry element OFFICE
650 ## - SUBJECT ADDED ENTRY--TOPICAL TERM
Topical term or geographic name entry element INDUSTRIAL
690 ## - LOCAL SUBJECT ADDED ENTRY--TOPICAL TERM (OCLC, RLIN)
Topical term or geographic name as entry element PROPERTY-COMMERCIAL PROPERTY
856 ## - ELECTRONIC LOCATION AND ACCESS
Uniform Resource Identifier <a href="https://www.ipdindexd.co.uk/results/indices/uk_monthly/index_uk_monthly.html">https://www.ipdindexd.co.uk/results/indices/uk_monthly/index_uk_monthly.html</a>
Public note View a brief report of the data online...
942 ## - ADDED ENTRY ELEMENTS (KOHA)
Suppress in OPAC 0
Holdings
Withdrawn status Lost status Source of classification or shelving scheme Damaged status Not for loan Home library Current library Shelving location Date acquired Total Checkouts Full call number Barcode Date last seen Copy number Price effective from Koha item type
    Dewey Decimal Classification     London London News article 08/10/2003   WB3938-02 123865-1001 06/08/2019 1 06/08/2019 News article